000 00423nam a2200169Ia 4500
008 210707s1984 xx 000 0 und d
020 _a0195204603
041 _aeng
082 _a338.91 WORL
100 _a-;
245 _aWorld development report 1984.
260 _aNY
_bOxford University Press
_c1984
300 _axi,286 p
563 _aPB
650 _aEconomic Development
906 _aWorld development report
999 _c180430
_d180430